[Event "Gibraltar Masters 2014"]
[Site "Caleta ENG"]
[Date "2014.01.28"]
[Round "1.4"]
[White "Vitiugov, N."]
[Black "Haugli, P."]
[Result "1-0"]
[WhiteElo "2737"]
[BlackElo "2278"]
[PlyCount "67"]
[EventDate "2014.01.28"]

1. e4 c5 2. Nf3 e6 3. d4 cxd4 4. Nxd4 Bc5 5. Nb5 Qb6 6. Be3 Bxe3 7. fxe3 Nc6 8.
N1c3 Qxe3+ 9. Be2 Kf8 10. Qd6+ Nge7 11. Nc7 Rb8 12. Rd1 h5 13. Rf1 Rh6 14. h4
Rg6 15. Rd3 Qc1+ 16. Nd1 Qxc2 17. Bxh5 Rf6 18. Rxf6 gxf6 19. Bf3 Qc4 20. a3 b6
21. Rc3 Qd4 22. Rxc6 Qg1+ 23. Ke2 dxc6 24. Qd8+ Kg7 25. Qxe7 Qd4 26. Ne8+ Kg6
27. Bh5+ Kxh5 28. Qxf7+ Kxh4 29. Qh7+ Kg5 30. Qg7+ Kh4 31. Qh6+ Kg3 32. Qh3+
Kf4 33. Qh4+ Ke5 34. Qxf6+ 1-0

[Event "Gibraltar Masters 2014"]
[Site "Caleta ENG"]
[Date "2014.01.28"]
[Round "1.5"]
[White "Gukhvat, P."]
[Black "Eljanov, P."]
[Result "0-1"]
[WhiteElo "2268"]
[BlackElo "2733"]
[PlyCount "74"]
[EventDate "2014.01.28"]

1. e4 e5 2. Nf3 Nc6 3. Be2 Nf6 4. d3 g6 5. Bg5 h6 6. Bh4 Bg7 7. d4 g5 8. dxe5
Nxe4 9. Qd5 gxh4 10. Qxe4 O-O 11. Nc3 Re8 12. O-O-O Nxe5 13. Rhe1 Nxf3 14. Qxf3
c6 15. Bd3 d5 16. Qh5 Be6 17. f4 Qf6 18. g3 hxg3 19. hxg3 Bd7 20. Kd2 b5 21.
Qf3 b4 22. Na4 c5 23. Nxc5 Qxb2 24. Rxe8+ Rxe8 25. Bh7+ Kxh7 26. Nxd7 Bc3+ 27.
Kd3 Qxa2 28. Ne5 Bxe5 29. fxe5 Qa3+ 30. Ke2 Rxe5+ 31. Kf2 Qxf3+ 32. Kxf3 a5 33.
Kf4 f6 34. Ra1 d4 35. Rd1 Rc5 36. Rxd4 Rxc2 37. Kf5 Rc7 0-1

[Event "Gibraltar Masters 2014"]
[Site "Caleta ENG"]
[Date "2014.01.28"]
[Round "1.6"]
[White "Tomashevsky, E."]
[Black "Deac, Bogdan-Daniel"]
[Result "1-0"]
[WhiteElo "2715"]
[BlackElo "2289"]
[PlyCount "47"]
[EventDate "2014.01.28"]

1. c4 Nf6 2. Nc3 g6 3. e4 d6 4. d4 Bg7 5. Nf3 O-O 6. h3 e5 7. d5 a5 8. g4 Na6
9. Be3 Nd7 10. a3 f5 11. gxf5 gxf5 12. exf5 Nac5 13. Rg1 Nf6 14. Qc2 Nh5 15.
Bxc5 dxc5 16. Bd3 Nf4 17. Be4 Qf6 18. O-O-O Kh8 19. Kb1 Bxf5 20. h4 h6 21. Bxf5
Qxf5 22. Ne4 b6 23. h5 Nxh5 24. Nh4 1-0

[Event "Gibraltar Masters 2014"]
[Site "Caleta ENG"]
[Date "2014.01.28"]
[Round "1.11"]
[White "Rindlisbacher, J."]
[Black "Rapport, R."]
[Result "0-1"]
[WhiteElo "2249"]
[BlackElo "2691"]
[PlyCount "148"]
[EventDate "2014.01.28"]

1. d4 g6 2. c4 Bg7 3. Nf3 d6 4. e4 Nf6 5. Nc3 O-O 6. Be2 Nc6 7. O-O e5 8. d5
Ne7 9. b4 Nh5 10. c5 Nf4 11. Bxf4 exf4 12. Rc1 a5 13. cxd6 cxd6 14. b5 h6 15.
Nd2 f5 16. Nc4 Bxc3 17. Rxc3 fxe4 18. Qd4 f3 19. gxf3 Nf5 20. Qxe4 Bd7 21. Ne3
Qg5+ 22. Kh1 Rae8 23. Qd3 Qh4 24. Rc4 Bxb5 25. Nxf5 Bxc4 26. Nxh4 Bxd3 27. Bxd3
Rf4 28. Nxg6 Rxf3 29. Bb1 Re2 30. Kg2 Rf6 31. Kg3 Rb2 32. Nf4 b5 33. Nd3 Rd2
34. Rc1 b4 35. Rc8+ Rf8 36. Rc6 Rd1 37. Rc1 Rxc1 38. Nxc1 a4 39. Nd3 Rb8 40.
Kf3 b3 41. Ke3 b2 42. a3 Rb3 43. Kd2 Rxa3 44. Kc2 Rb3 45. Ba2 Rb7 46. Nxb2 Rf7
47. Nd3 Rf3 48. Bc4 Rh3 49. Kb2 Rxh2 50. Ka3 h5 51. Kxa4 h4 52. Kb5 h3 53. Nf4
Rh1 54. Be2 h2 55. Bf3 Rf1 56. Nd3 Kf8 57. Kc4 Ke7 58. Kd4 Kf6 59. Ke4 Kg5 60.
Ke3 Ra1 61. Be4 Kf6 62. f4 h1=B 63. Bxh1 Rxh1 64. Nf2 Re1+ 65. Kd4 Kf5 66. Nd3
Re2 67. Kc4 Ke4 68. Nb4 Re1 69. Nd3 Rf1 70. Nb4 Rc1+ 71. Kb5 Rc3 72. Kb6 Kxf4
73. Nc6 Ke4 74. Ne7 Rc5 0-1

[Event "Gibraltar Masters 2014"]
[Site "Caleta ENG"]
[Date "2014.01.28"]
[Round "1.12"]
[White "Short, N."]
[Black "Nicolas Zapata, I."]
[Result "1-0"]
[WhiteElo "2683"]
[BlackElo "2248"]
[PlyCount "55"]
[EventDate "2014.01.28"]

1. d4 Nf6 2. Nf3 e6 3. c4 d5 4. Nc3 Be7 5. Bg5 O-O 6. Qc2 h6 7. Bxf6 Bxf6 8.
O-O-O c5 9. dxc5 Qa5 10. cxd5 Bxc3 11. Qxc3 Qxc3+ 12. bxc3 exd5 13. e3 Be6 14.
Nd4 Rc8 15. f4 Rxc5 16. Kb2 g6 17. c4 dxc4 18. Nxe6 fxe6 19. Rd8+ Kf7 20. Be2
Rd5 21. Rd1 a5 22. R1xd5 exd5 23. Rxd5 Nc6 24. Bxc4 Kf8 25. Rd7 Rc8 26. Rf7+
Ke8 27. Rxb7 Ne7 28. Be6 1-0

[Event "Gibraltar Masters 2014"]
[Site "Caleta ENG"]
[Date "2014.01.28"]
[Round "1.14"]
[White "Li Chao2"]
[Black "Martinez Reyes, P."]
[Result "1-0"]
[WhiteElo "2680"]
[BlackElo "2245"]
[PlyCount "113"]
[EventDate "2014.01.28"]

1. c4 e6 2. g3 d5 3. Bg2 Nf6 4. Nf3 Be7 5. d4 O-O 6. Qc2 dxc4 7. Qxc4 a6 8. Qc2
Nc6 9. O-O Nxd4 10. Nxd4 Qxd4 11. Qxc7 Qc5 12. Qxc5 Bxc5 13. Nc3 Rd8 14. Bf4
Kf8 15. Rfd1 Rxd1+ 16. Rxd1 Ne8 17. Ne4 Be7 18. Be3 f6 19. f4 Kf7 20. b3 a5 21.
Nc5 Nd6 22. Na4 Bd7 23. Bxb7 Rb8 24. Nc5 Bb5 25. Bf3 Nf5 26. Bf2 Rc8 27. Nxe6
Kxe6 28. Bd5+ Kd7 29. Bc4+ Kc6 30. Be6 Nd6 31. Rxd6+ Bxd6 32. Bxc8 Bxe2 33. Bf5
g6 34. Be4+ Kb5 35. Be3 Kb4 36. Kf2 Ba6 37. Bd2+ Ka3 38. Bxa5 Kxa2 39. Bd5 Bc5+
40. Kf3 Ka3 41. Bc3 f5 42. Bg8 Bb7+ 43. Ke2 Ba6+ 44. Ke1 h6 45. Bg7 Bb4+ 46.
Kd1 Bc5 47. Bxh6 Bg1 48. Ke1 Kb2 49. Bf7 Kc3 50. Bg7+ Kd3 51. Kf1 Bc5 52. Bxg6
Ke4+ 53. Kg2 Be2 54. h4 Bf3+ 55. Kh2 Bg4 56. Be8 Kf3 57. h5 1-0

[Event "Gibraltar Masters 2014"]
[Site "Caleta ENG"]
[Date "2014.01.28"]
[Round "1.15"]
[White "Gandrud, V."]
[Black "Movsesian, S."]
[Result "0-1"]
[WhiteElo "2242"]
[BlackElo "2677"]
[PlyCount "88"]
[EventDate "2014.01.28"]

1. d4 d6 2. c4 g6 3. Nc3 Bg7 4. e4 Nd7 5. Nf3 e5 6. Be2 Ngf6 7. O-O O-O 8. d5
h6 9. Ne1 Qe7 10. Nd3 c5 11. Be3 Ne8 12. f3 f5 13. g4 fxg4 14. fxg4 Rxf1+ 15.
Qxf1 Nf8 16. Qh3 g5 17. Nf2 Ng6 18. Bd1 Nf4 19. Qf3 Nf6 20. Ne2 h5 21. h3 Qf8
22. Ng3 Nxh3+ 23. Nxh3 hxg4 24. Qf2 gxh3 25. Bxg5 Bd7 26. Bxf6 Qxf6 27. Qxf6
Bxf6 28. Nf5 Bxf5 29. exf5 Kf7 30. Kh2 Rh8 31. Bg4 e4 32. Bxh3 Bxb2 33. Re1
Be5+ 34. Kg2 Rh4 35. Re3 Bd4 36. Re1 Kf6 37. Kg3 Kg5 38. Rf1 Be5+ 39. Kg2 e3
40. Re1 Kf4 41. Rf1+ Ke4 42. f6 e2 43. Bf5+ Kd4 44. Re1 Rf4 0-1

[Event "Gibraltar Masters 2014"]
[Site "Caleta ENG"]
[Date "2014.01.28"]
[Round "1.17"]
[White "Berry, N."]
[Black "Cheparinov, I."]
[Result "0-1"]
[WhiteElo "2227"]
[BlackElo "2672"]
[PlyCount "68"]
[EventDate "2014.01.28"]

1. d4 Nf6 2. c4 g6 3. Nc3 d5 4. Nf3 Bg7 5. cxd5 Nxd5 6. e4 Nxc3 7. bxc3 c5 8.
Rb1 O-O 9. Be2 b6 10. O-O Bb7 11. Qd3 Nd7 12. Bg5 Qc7 13. Qe3 Rae8 14. Rfd1 a6
15. e5 e6 16. h4 b5 17. Nh2 f6 18. Bh6 fxe5 19. Bxg7 Kxg7 20. Ng4 exd4 21. cxd4
c4 22. Qh6+ Kh8 23. h5 Be4 24. hxg6 Bxg6 25. Rbc1 Qf4 26. Qxf4 Rxf4 27. Ne3 Nb6
28. g3 Rf7 29. f4 Rd7 30. Bg4 Bd3 31. Nc2 Nd5 32. a3 Rg7 33. Bf3 Bxc2 34. Rxc2
Ne3 0-1

[Event "Gibraltar Masters 2014"]
[Site "Caleta ENG"]
[Date "2014.01.28"]
[Round "1.18"]
[White "Sutovsky, E."]
[Black "Semprun Martinez, F."]
[Result "1-0"]
[WhiteElo "2663"]
[BlackElo "2226"]
[PlyCount "77"]
[EventDate "2014.01.28"]

1. e4 e5 2. Nf3 Nc6 3. Bb5 a6 4. Ba4 Nf6 5. O-O Nxe4 6. d4 b5 7. Bb3 d5 8. dxe5
Be6 9. Qe2 Be7 10. Rd1 O-O 11. c4 bxc4 12. Bxc4 a5 13. Bb5 Nb8 14. Nd4 c5 15.
Nxe6 fxe6 16. f3 Ng5 17. Nc3 Qb6 18. Na4 Qc7 19. f4 Nf7 20. Be3 d4 21. Bd2 Nc6
22. Qe4 Rac8 23. Rac1 Ncd8 24. Ba6 Qc6 25. Qxc6 Rxc6 26. Bb5 Rc8 27. Bxa5 Rb8
28. Bb6 Nh6 29. Bc4 Rxb6 30. Nxb6 Rxf4 31. a4 Ng4 32. a5 Nxe5 33. a6 Nxc4 34.
Rxc4 Nc6 35. Nc8 Bf8 36. a7 Nxa7 37. Nxa7 e5 38. Nc6 Re4 39. Ra4 1-0

[Event "Gibraltar Masters 2014"]
[Site "Caleta ENG"]
[Date "2014.01.28"]
[Round "1.20"]
[White "Edouard, R."]
[Black "Scharrer, P."]
[Result "1-0"]
[WhiteElo "2658"]
[BlackElo "2220"]
[PlyCount "47"]
[EventDate "2014.01.28"]

1. d4 g6 2. e4 Bg7 3. c4 d6 4. Nc3 Nf6 5. f3 O-O 6. Be3 Nc6 7. Nge2 a6 8. Qd2
Rb8 9. Rc1 Bd7 10. Nd1 b5 11. c5 e6 12. Nf2 b4 13. Bg5 Qe8 14. cxd6 cxd6 15.
Qf4 e5 16. Qh4 Qe6 17. d5 Nxd5 18. exd5 Qxd5 19. Ne4 Nd4 20. Nxd4 exd4 21. Bc4
Qf5 22. Bd3 Qe5 23. O-O f5 24. Bf4 1-0

[Event "Gibraltar Masters 2014"]
[Site "Caleta ENG"]
[Date "2014.01.28"]
[Round "1.21"]
[White "Sanchez Castillo, S."]
[Black "Georgiev, Ki"]
[Result "1-0"]
[WhiteElo "2219"]
[BlackElo "2653"]
[PlyCount "80"]
[EventDate "2014.01.28"]

1. e4 c5 2. Nf3 a6 3. a4 Nc6 4. Nc3 Nf6 5. d4 cxd4 6. Nxd4 e5 7. Nf5 d5 8. exd5
Bxf5 9. dxc6 bxc6 10. Qxd8+ Kxd8 11. Bc4 Bg6 12. a5 Kc7 13. O-O Nd7 14. f4 Bxc2
15. Bxf7 Bc5+ 16. Kh1 Bd3 17. Rd1 e4 18. Be6 Nf6 19. h3 Rad8 20. f5 e3 21. Re1
e2 22. Bf4+ Kb7 23. Nxe2 Bf2 24. Nc3 Bxe1 25. Rxe1 Rhe8 26. Rc1 Ne4 27. Na4 Rd4
28. b3 Nf2+ 29. Kh2 Rxf4 30. Nc5+ Ka7 31. Kg3 Bxf5 32. Kxf4 Bxe6 33. Kg3 Nxh3
34. gxh3 Bd5 35. Kf4 Re2 36. Rb1 Rc2 37. b4 Re2 38. h4 Rh2 39. Kg3 Rg2+ 40. Kf4
h5 1-0

[Event "Gibraltar Masters 2014"]
[Site "Caleta ENG"]
[Date "2014.01.28"]
[Round "1.22"]
[White "Agdestein, S."]
[Black "Rowe, D."]
[Result "1-0"]
[WhiteElo "2627"]
[BlackElo "2221"]
[PlyCount "81"]
[EventDate "2014.01.28"]

1. d4 Nf6 2. c4 c5 3. d5 e6 4. Nc3 exd5 5. cxd5 d6 6. Nf3 g6 7. h3 a6 8. a4 Bg7
9. Bf4 O-O 10. e3 Qe7 11. Be2 Nbd7 12. O-O Nh5 13. Bh2 f5 14. Nd2 Nhf6 15. Nc4
Ne8 16. a5 Rb8 17. Qd2 Kh8 18. Ra3 Ndf6 19. Rb3 Nd7 20. Re1 Bh6 21. Na4 Rf6 22.
Nab6 Nf8 23. Bd3 Bd7 24. Qc2 Bb5 25. e4 fxe4 26. Rxe4 Qf7 27. Qe2 Bg7 28. Re7
Qg8 29. Na3 Rf7 30. Nxb5 axb5 31. Bxb5 Nc7 32. Rxf7 Qxf7 33. Rf3 Qg8 34. Bxd6
Nxb5 35. Qxb5 Rd8 36. Be7 Rb8 37. Qxc5 Re8 38. d6 Ne6 39. Qd5 Bxb2 40. Re3 Nd8
41. d7 1-0

[Event "Gibraltar Masters 2014"]
[Site "Caleta ENG"]
[Date "2014.01.28"]
[Round "1.23"]
[White "Vea, O."]
[Black "Ganguly, S."]
[Result "1/2-1/2"]
[WhiteElo "2217"]
[BlackElo "2619"]
[PlyCount "110"]
[EventDate "2014.01.28"]

1. e4 c5 2. Nf3 e6 3. g3 Nc6 4. Bg2 Nf6 5. Qe2 d6 6. O-O Be7 7. c3 O-O 8. d4 d5
9. e5 Nd7 10. h4 b6 11. Bf4 a5 12. Re1 Ba6 13. Qd1 Rc8 14. Bf1 Bxf1 15. Kxf1 b5
16. Na3 Qb6 17. h5 b4 18. Nc2 bxc3 19. bxc3 Qb2 20. h6 g6 21. Qd2 cxd4 22.
Ncxd4 Qxd2 23. Bxd2 Nc5 24. Reb1 Ne4 25. Be1 Rfe8 26. g4 Bf8 27. g5 Be7 28. Rb7
a4 29. Rab1 Nxd4 30. cxd4 Nxg5 31. Rxe7 Nxf3 32. Rxe8+ Rxe8 33. Bc3 Rc8 34. Ke2
f6 35. Kxf3 Rxc3+ 36. Kg4 fxe5 37. dxe5 Rc8 38. Rb6 Rd8 39. Kf4 d4 40. Rb2 d3
41. Rd2 Kf7 42. Kg5 a3 43. f4 Ke7 44. Kg4 Rd5 45. Kg5 Rd4 46. Kg4 Kd7 47. Kf3
Kc6 48. Ke3 Kc5 49. Rxd3 Rxd3+ 50. Kxd3 Kd5 51. Ke3 Kc5 52. Kd3 Kd5 53. Ke3 Kc4
54. Ke4 Kc3 55. Ke3 Kc4 1/2-1/2

[Event "Gibraltar Masters 2014"]
[Site "Caleta ENG"]
[Date "2014.01.28"]
[Round "1.24"]
[White "Dubov, Daniil"]
[Black "Spence, D."]
[Result "1/2-1/2"]
[WhiteElo "2614"]
[BlackElo "2218"]
[PlyCount "102"]
[EventDate "2014.01.28"]

1. e4 e6 2. d4 d5 3. Nc3 Bb4 4. exd5 exd5 5. Bd3 Nc6 6. a3 Ba5 7. Nge2 Nge7 8.
O-O Bg4 9. f3 Bf5 10. Na4 O-O 11. Be3 Re8 12. Ng3 Bxd3 13. Qxd3 Nc8 14. b3 Nd6
15. Bf2 Ne7 16. c4 c6 17. c5 Nb5 18. b4 Bc7 19. Nb2 Bf4 20. Ne2 Bh6 21. a4 Nc7
22. Nc3 Qd7 23. Rfe1 g6 24. Qc2 Nf5 25. g4 Ng7 26. Nd3 f6 27. b5 Nce6 28. Rab1
Nf4 29. Nxf4 Bxf4 30. Qb3 Rxe1+ 31. Rxe1 f5 32. Ne2 Bc7 33. g5 Re8 34. b6 axb6
35. cxb6 Bd6 36. Nc1 Rxe1+ 37. Bxe1 Ne6 38. Ne2 Qe7 39. Bd2 Nxg5 40. Kf1 Ne6
41. Qe3 f4 42. Qd3 Qh4 43. Kg2 Qg5+ 44. Kh1 Qh4 45. Kg2 Qg5+ 46. Kf1 Qh4 47.
Kg2 Qg5+ 48. Kh1 Qh4 49. Kg2 Qg5+ 50. Kf1 Qh4 51. Kg2 Qg5+ 1/2-1/2

[Event "Gibraltar Masters 2014"]
[Site "Caleta ENG"]
[Date "2014.01.28"]
[Round "1.25"]
[White "Stenzel, T."]
[Black "Sandipan, C."]
[Result "0-1"]
[WhiteElo "2216"]
[BlackElo "2609"]
[PlyCount "62"]
[EventDate "2014.01.28"]

1. e4 c5 2. Nf3 a6 3. d3 g6 4. g3 Bg7 5. Bg2 b5 6. O-O Bb7 7. Re1 e5 8. Nbd2
Ne7 9. c3 O-O 10. Nb3 d6 11. d4 exd4 12. cxd4 c4 13. Nbd2 Nbc6 14. Nf1 Nb4 15.
Re2 Nd3 16. Ne1 Nxc1 17. Rxc1 f5 18. b3 fxe4 19. bxc4 bxc4 20. Rxc4 d5 21. Rb4
Bc6 22. Reb2 Nf5 23. Rd2 a5 24. Rb1 Qe8 25. Ne3 Ba4 26. N1c2 Nxe3 27. fxe3 Rb8
28. Qc1 Qc6 29. Ne1 Bh6 30. Re2 Qxc1 31. Rxc1 Bb5 0-1

[Event "Gibraltar Masters 2014"]
[Site "Caleta ENG"]
[Date "2014.01.28"]
[Round "1.27"]
[White "Al Tamimi, H."]
[Black "Van Kampen, R."]
[Result "0-1"]
[WhiteElo "2211"]
[BlackElo "2602"]
[PlyCount "100"]
[EventDate "2014.01.28"]

1. e4 c5 2. Nf3 e6 3. c3 Nf6 4. e5 Nd5 5. Bc4 d6 6. d4 cxd4 7. cxd4 Be7 8. O-O
O-O 9. Qe2 b6 10. Bd2 Bb7 11. Nc3 Nxc3 12. Bxc3 Nd7 13. Rfe1 dxe5 14. dxe5 Qc7
15. Bd3 Nc5 16. Bc2 Qc6 17. Rac1 a5 18. Bd4 Rac8 19. Rcd1 Rfd8 20. Rd2 g6 21.
Red1 Rd7 22. h4 Rcd8 23. Qe3 Qc7 24. h5 Bf8 25. hxg6 hxg6 26. Qf4 Bxf3 27. gxf3
b5 28. Qe3 Rd5 29. f4 R5d7 30. Kg2 Rd5 31. Kg1 Qb7 32. f3 R5d7 33. Kg2 Qd5 34.
Bb1 b4 35. Kf2 Qc4 36. b3 Qb5 37. Ke1 Be7 38. Kf2 a4 39. Kg3 axb3 40. axb3 Bf8
41. Rh1 Bg7 42. Rhd1 Rd5 43. Bc2 Bf8 44. Rh2 Bg7 45. Rhd2 Qc6 46. Bb1 Qc7 47.
Be4 R5d7 48. Bb1 g5 49. fxg5 Rxd4 50. Rxd4 Qxe5+ 0-1

[Event "Gibraltar Masters 2014"]
[Site "Caleta ENG"]
[Date "2014.01.28"]
[Round "1.28"]
[White "Salgado Lopez, I."]
[Black "Barrenechea Bahamonde, G."]
[Result "1-0"]
[WhiteElo "2597"]
[BlackElo "2208"]
[PlyCount "74"]
[EventDate "2014.01.28"]

1. e4 e5 2. Nf3 Nc6 3. Bb5 a6 4. Ba4 d6 5. Bxc6+ bxc6 6. d4 exd4 7. Nxd4 c5 8.
Nb3 Nf6 9. O-O Be7 10. Nc3 O-O 11. Na5 Bd7 12. Bf4 Rb8 13. b3 Rb4 14. Re1 Qa8
15. Nc4 Be6 16. Qd3 Rd8 17. Rad1 Bf8 18. h3 Rbb8 19. Bh2 Rbc8 20. Qe2 h6 21. e5
Nd5 22. Nxd5 Bxd5 23. Ne3 Be6 24. c4 Qe4 25. exd6 cxd6 26. Nd5 Bxd5 27. Rxd5
Qxe2 28. Rxe2 Rd7 29. Red2 Rc6 30. Kf1 g6 31. g4 Kg7 32. Ke2 Be7 33. Kd1 Rb6
34. Rxc5 Bg5 35. Rd3 Bh4 36. Rcd5 Bxf2 37. Rxd6 f6 1-0

[Event "Gibraltar Masters 2014"]
[Site "Caleta ENG"]
[Date "2014.01.28"]
[Round "1.30"]
[White "Mareco, S."]
[Black "Veltkamp, G."]
[Result "1-0"]
[WhiteElo "2582"]
[BlackElo "2202"]
[PlyCount "53"]
[EventDate "2014.01.28"]

1. Nf3 d5 2. c4 d4 3. b4 a5 4. b5 c5 5. bxc6 Nxc6 6. d3 Nf6 7. g3 g6 8. Bg2 Bg7
9. O-O O-O 10. Na3 Ne8 11. Rb1 Nc7 12. Nd2 e5 13. Nb5 Nb4 14. Nxc7 Qxc7 15. Qb3
Rb8 16. Ba3 b5 17. Bxb4 axb4 18. Qxb4 Bg4 19. cxb5 Bxe2 20. Rfc1 Qa7 21. Qb3
Bh6 22. Re1 Bg4 23. Nc4 Ra8 24. b6 Qxa2 25. Qxa2 Rxa2 26. b7 Rb8 27. Ra1 1-0

[Event "Gibraltar Masters 2014"]
[Site "Caleta ENG"]
[Date "2014.01.28"]
[Round "1.31"]
[White "Tscharotschkin, M."]
[Black "Vocaturo, D."]
[Result "0-1"]
[WhiteElo "2201"]
[BlackElo "2582"]
[PlyCount "116"]
[EventDate "2014.01.28"]

1. d4 Nf6 2. c4 g6 3. Nc3 Bg7 4. e4 d6 5. Nf3 O-O 6. Be2 c5 7. O-O Nc6 8. d5
Na5 9. h3 e5 10. Bg5 h6 11. Be3 Bd7 12. Qd2 Kh7 13. g4 Ng8 14. Nh2 b6 15. f4
exf4 16. Bxf4 Qe7 17. Bd3 Be5 18. Nf3 f6 19. Rf2 a6 20. Raf1 Kg7 21. Ne2 Nb7
22. Be3 Nd8 23. Nxe5 dxe5 24. Ng3 Nb7 25. Rg2 Kh7 26. Kh2 Rf7 27. Rfg1 Rg7 28.
Qe2 Kh8 29. Qd2 Rh7 30. Be2 a5 31. Rf1 Nd6 32. b3 Rf8 33. Bd3 Qe8 34. a3 Qc8
35. Kg1 h5 36. gxh5 g5 37. Nf5 Bxf5 38. exf5 Rxh5 39. Rh2 Ne7 40. Be2 Rh7 41.
Bg4 a4 42. Qc2 Qa6 43. Rb1 axb3 44. Rxb3 Nxc4 45. Bxc5 bxc5 46. Be2 Nxa3 47.
Bxa6 Nxc2 48. Rxc2 Nxd5 49. Rxc5 Nf4 50. Bf1 Rd7 51. Rc6 Kg7 52. Ra3 Rb8 53.
Raa6 Rb1 54. Kf2 Rdb7 55. Ra8 R1b2+ 56. Kf3 R2b3+ 57. Kg4 Nd5 58. Kh5 Rg3 0-1

[Event "Gibraltar Masters 2014"]
[Site "Caleta ENG"]
[Date "2014.01.28"]
[Round "1.32"]
[White "Dvirnyy, D."]
[Black "Marttala, T."]
[Result "1-0"]
[WhiteElo "2574"]
[BlackElo "2200"]
[PlyCount "83"]
[EventDate "2014.01.28"]

1. c4 Nf6 2. g3 c6 3. Nf3 g6 4. b3 Bg7 5. Bb2 O-O 6. Bg2 d5 7. O-O Bf5 8. d3
Qd7 9. Re1 Rd8 10. Nbd2 Bh3 11. Bh1 h6 12. Qc2 Qe8 13. Bc3 Nbd7 14. Qb2 Nf8 15.
b4 Ne6 16. cxd5 cxd5 17. Nb3 Rac8 18. Rec1 b6 19. Be5 Ng4 20. Bxg7 Nxg7 21. Ne5
Nf6 22. Nd4 Rxc1+ 23. Rxc1 Rc8 24. Ndc6 Rc7 25. Rc3 Kh7 26. b5 Ne6 27. Ra3 Qc8
28. Nxf7 a6 29. Bg2 Bxg2 30. Kxg2 axb5 31. Nd4 Nxd4 32. Qxd4 Qe6 33. Ne5 Rc2
34. e3 Qd6 35. Ra7 Rc7 36. Nf7 Qd7 37. Qf4 Rxa7 38. Qxh6+ Kg8 39. Qxg6+ Kf8 40.
Ng5 e5 41. Qxf6+ Kg8 42. h4 1-0

[Event "Gibraltar Masters 2014"]
[Site "Caleta ENG"]
[Date "2014.01.28"]
[Round "1.33"]
[White "Mueller, Le"]
[Black "Fier, A."]
[Result "0-1"]
[WhiteElo "2191"]
[BlackElo "2572"]
[PlyCount "80"]
[EventDate "2014.01.28"]

1. Nf3 d5 2. c4 d4 3. e3 Nc6 4. b4 dxe3 5. fxe3 Nxb4 6. d4 e5 7. a3 Nc6 8. d5
e4 9. Nfd2 Ne5 10. Nxe4 Qh4+ 11. Nf2 Ng4 12. g3 Nxf2 13. Qf3 Qf6 14. Qxf6 Nxf6
15. Kxf2 Ne4+ 16. Kf3 Bf5 17. Nd2 Nc5 18. e4 Bg6 19. Bb2 O-O-O 20. Bd4 f6 21.
Bh3+ Kb8 22. Bf5 Bd6 23. Rhe1 Nd3 24. Re3 Ne5+ 25. Kg2 c5 26. Bc3 Bf7 27. h4 h6
28. a4 Rhe8 29. a5 Re7 30. Ra4 h5 31. Ba1 Bc7 32. Ra2 Rde8 33. Ra4 Ng4 34. Bxg4
hxg4 35. a6 Bg6 36. axb7 Bxe4+ 37. Kf2 Bc2 38. Rxe7 Rxe7 39. Ra2 Bd3 40. Nf1
Bxc4 0-1

[Event "Gibraltar Masters 2014"]
[Site "Caleta ENG"]
[Date "2014.01.28"]
[Round "1.34"]
[White "Zhao Xue"]
[Black "Gikas, A."]
[Result "1-0"]
[WhiteElo "2568"]
[BlackElo "2189"]
[PlyCount "105"]
[EventDate "2014.01.28"]

1. d4 d5 2. c4 c6 3. Nc3 Nf6 4. Nf3 dxc4 5. a4 Bg4 6. Ne5 Bh5 7. f3 e6 8. g4
Nd5 9. e4 Qh4+ 10. Ke2 Nxc3+ 11. bxc3 Bg6 12. Be3 Nd7 13. Nxc4 h5 14. g5 Be7
15. Qd2 f6 16. Bf2 Qxg5 17. Be3 Qh4 18. Rg1 Bf7 19. h3 e5 20. Na5 b6 21. Bf2
Qf4 22. Qxf4 exf4 23. Nxc6 Bc4+ 24. Kd2 Bxf1 25. Rgxf1 Kf7 26. a5 Rhe8 27. Nxe7
Kxe7 28. Rfb1 g5 29. Kd3 Kd6 30. Rb5 Kc6 31. c4 Red8 32. Kc3 Rg8 33. Rf5 Rab8
34. h4 g4 35. Rxf4 g3 36. Be3 bxa5 37. Kc2 Rb4 38. Bd2 Rxc4+ 39. Kd3 g2 40.
Kxc4 g1=Q 41. Rxg1 Rxg1 42. Bxa5 Rc1+ 43. Kd3 Rd1+ 44. Bd2 Rh1 45. Bb4 Rd1+ 46.
Kc3 Rc1+ 47. Kd2 Rh1 48. Be7 a5 49. Rf5 Rxh4 50. Rxa5 Rh2+ 51. Ke3 h4 52. Ra7
Nb6 53. d5+ 1-0

[Event "Gibraltar Masters 2014"]
[Site "Caleta ENG"]
[Date "2014.01.28"]
[Round "1.35"]
[White "Mihajlov, Seb"]
[Black "Mekhitarian, K."]
[Result "1-0"]
[WhiteElo "2185"]
[BlackElo "2566"]
[PlyCount "73"]
[EventDate "2014.01.28"]

1. d4 Nf6 2. c4 e6 3. Nf3 b6 4. g3 Ba6 5. b3 d5 6. Bg2 Bb4+ 7. Bd2 Be7 8. O-O
O-O 9. Nc3 c6 10. Bf4 dxc4 11. bxc4 Bb7 12. Ne5 Nfd7 13. Nb5 a6 14. Nxd7 Qxd7
15. Nc7 Ra7 16. d5 cxd5 17. cxd5 e5 18. Bxe5 Bd6 19. Qd4 Qxc7 20. Bxg7 Re8 21.
Bf6 Qc2 22. Rac1 Qg6 23. Qxb6 Qxf6 24. Qxa7 Bc8 25. e4 Bd7 26. f4 Qb2 27. Rb1
Qa3 28. Rfc1 Bb5 29. e5 Bb4 30. Qd4 a5 31. Kh1 Nd7 32. e6 fxe6 33. dxe6 Nc5 34.
Bd5 Nxe6 35. f5 Qd3 36. Bxe6+ Rxe6 37. Qxd3 1-0

[Event "Gibraltar Masters 2014"]
[Site "Caleta ENG"]
[Date "2014.01.28"]
[Round "1.36"]
[White "Muzychuk, A."]
[Black "Urbina Perez, J."]
[Result "1-0"]
[WhiteElo "2566"]
[BlackElo "2183"]
[PlyCount "57"]
[EventDate "2014.01.28"]

1. e4 e5 2. Nf3 Nc6 3. Bb5 a6 4. Ba4 Nge7 5. c3 g6 6. d4 exd4 7. cxd4 b5 8. Bb3
Bg7 9. d5 Na5 10. Bd2 Nxb3 11. Qxb3 d6 12. Bc3 O-O 13. O-O Bd7 14. Bxg7 Kxg7
15. Nc3 f5 16. e5 dxe5 17. Nxe5 c5 18. Rfe1 Ra7 19. Rad1 Ng8 20. Nc6 Bxc6 21.
dxc6 Qc8 22. Qd5 Rc7 23. Qe5+ Nf6 24. Nd5 Rxc6 25. Ne7 Qc7 26. Nxc6 Qxc6 27.
Rd6 Qc7 28. h4 h5 29. Qe7+ 1-0

[Event "Gibraltar Masters 2014"]
[Site "Caleta ENG"]
[Date "2014.01.28"]
[Round "1.37"]
[White "Malmdin, N."]
[Black "Salem, AR."]
[Result "0-1"]
[WhiteElo "2175"]
[BlackElo "2564"]
[PlyCount "48"]
[EventDate "2014.01.28"]

1. e4 c6 2. d3 d5 3. Nd2 e5 4. Ngf3 Bd6 5. g3 Nf6 6. Bg2 O-O 7. O-O Re8 8. Re1
Nbd7 9. a3 a5 10. b3 d4 11. Nh4 Bf8 12. Nf1 a4 13. b4 c5 14. bxc5 Ra5 15. Nf5
Rxc5 16. g4 Re6 17. h3 Rec6 18. c4 dxc3 19. Qxa4 c2 20. Be3 Rc3 21. d4 Qc7 22.
g5 Ne8 23. d5 R6c4 24. Qb5 c1=Q 0-1

[Event "Gibraltar Masters 2014"]
[Site "Caleta ENG"]
[Date "2014.01.28"]
[Round "1.38"]
[White "Lenderman, A."]
[Black "Valenti, G."]
[Result "1-0"]
[WhiteElo "2561"]
[BlackElo "2172"]
[PlyCount "57"]
[EventDate "2014.01.28"]

1. d4 Nf6 2. c4 e6 3. Nc3 Bb4 4. e3 c5 5. Nge2 b6 6. a3 Ba5 7. Rb1 Na6 8. g3
Bb7 9. d5 O-O 10. Bg2 d6 11. O-O Bxc3 12. Nxc3 Qe7 13. e4 exd5 14. exd5 Nc7 15.
Re1 Qd8 16. b4 Ba6 17. Qd3 h6 18. h3 Qd7 19. b5 Bb7 20. Bb2 Rfe8 21. Ne2 Qd8
22. g4 Bc8 23. Ng3 Bd7 24. f4 Rxe1+ 25. Rxe1 Nce8 26. Qc3 Kf8 27. g5 hxg5 28.
fxg5 Nh7 29. h4 1-0

[Event "Gibraltar Masters 2014"]
[Site "Caleta ENG"]
[Date "2014.01.28"]
[Round "1.40"]
[White "Anton Guijarro, D."]
[Black "Kvisla, J."]
[Result "1-0"]
[WhiteElo "2557"]
[BlackElo "2154"]
[PlyCount "99"]
[EventDate "2014.01.28"]

1. Nf3 e6 2. b3 f5 3. Bb2 Nf6 4. g3 Be7 5. Bg2 O-O 6. d3 d6 7. Nbd2 e5 8. e4
Nc6 9. O-O Qe8 10. exf5 Bxf5 11. Nc4 Qh5 12. Ne3 Bh3 13. c4 Ng4 14. Bxh3 Qxh3
15. Nxg4 Qxg4 16. Ne1 Qh3 17. Qe2 Rf7 18. Nc2 Raf8 19. f3 h5 20. Qg2 Qd7 21.
Rae1 Bg5 22. b4 Bh6 23. b5 Ne7 24. d4 exd4 25. Nxd4 Nf5 26. f4 Nxd4 27. Bxd4 c6
28. bxc6 bxc6 29. Qe2 g6 30. Qe6 Kh7 31. Qxd7 Rxd7 32. Re4 Bg7 33. Bf2 Rf6 34.
Rfe1 Kg8 35. Re8+ Rf8 36. R1e7 Rxe7 37. Rxe7 a5 38. Rd7 Rb8 39. Rxd6 Rb1+ 40.
Kg2 Rb2 41. Kf3 Rxa2 42. Rxg6 Kf7 43. Rxc6 a4 44. Ra6 Bf8 45. c5 a3 46. Be3 Ra1
47. Bd4 Ra2 48. Ke4 Rxh2 49. Rxa3 h4 50. Ra7+ 1-0